Normal view
MARC view
- MICROCOMPUTER-PROGRAMMING PROGRAMMING LANGUAGES-ELECTRONIC COMPUTER OPERATING SYSTEMS
Entry Topical Term
001 - CONTROL NUMBER
- control field: 74985
003 - CONTROL NUMBER IDENTIFIER
- control field: NUST
005 - DATE AND TIME OF LATEST TRANSACTION
- control field: 20210628205329.0
008 - FIXED-LENGTH DATA ELEMENTS
- fixed length control field: 210628|| aca||aabn | a|a d
040 ## - CATALOGING SOURCE
- Original cataloging agency: NUST
- Transcribing agency: NUST
150 ## - HEADING--TOPICAL TERM
- Topical term or geographic name entry element: MICROCOMPUTER-PROGRAMMING PROGRAMMING LANGUAGES-ELECTRONIC COMPUTER OPERATING SYSTEMS
670 ## - SOURCE DATA FOUND
- Source citation: Work cat.: (NUST): Brines, W.J Woodall, W.P 74984, Mcgraw hill personal computer programming encyclopedia languages and operating systems, 1989
